000 00622 a2200205 4500
001 132805
003 OSt
005 20220225111955.0
008
020 _a0444826459
082 _a304.6
_bH19H
245 1 _aHandbook of population and family economics
_cedited by Mark R Rosenzweig and Oded Stark
260 _aAmsterdam
_bElsevier
_c2005
300 _a643p.
_f643 p.
490 _aHandbook in economics
690 _aPopulation-Economic aspects; Family demography-Economic aspects
700 _aRosenzweig, Mark R
_eEditor
700 _aStark, Oded
_eEditor
942 _2ddc
_cBK
999 _c7151
_d7151